000
00292nam a22001217a 4500
082
_a
030
_b
LEW/D
100
_a
LEWIS, NORMAN
245
_a
DICTIONARY OF WORD POWER
260
_a
DELHI
_b
W.R.GOYAL PUBLISHERS AND DISTRIBUTERS
_c
2004
300
_a
1232
650
_a
DICTIONARY
_z
INDIA
942
_c
BK
999
_c
1738
_d
1738